ENVIRONMENTÁLNE ASPEKTY LOGISTIKY PODNIKANIA STRATEGICKÝCH PODNIKATEĽSKÝCH JEDNOTIEK

Bibliographic Details
Main Author: Sakál, Peter, 1951- (Author)
Format: Article
Language:Slovak

MARC

LEADER 00000nab a2200000 a 4500
001 vtls011111213
003 SK-MaSNL
005 20260303150439.0
008 230222|2000 xo |||||||||||||||||slo|
015 |a SNBRB 
035 |a (uuid)a2b96098-ca2d-4bd4-9462-6e866cd92aa5 
035 |a (urnnbn)urn:nbn:sk:snk:ar-a08f8d 
035 |a urn:nbn:sk:snk-ab9hva 
040 |a SNKBUCL  |b slo  |c SNKBUCL  |e AACR2 
041 0 |a slo 
044 |a xo  |c SK 
100 1 |a Sakál, Peter,  |d 1951-  |4 aut  |9 207822 
245 1 0 |a ENVIRONMENTÁLNE ASPEKTY LOGISTIKY PODNIKANIA STRATEGICKÝCH PODNIKATEĽSKÝCH JEDNOTIEK  |c Peter Sakál 
773 0 |t Vedecké práce Materiálovotechnologickej fakulty Slovenskej technickej univerzity v Bratislave so sídlom v Trnave  |g Č. 8 (2000), s. 95-100 
954 |a odborná, vedecká literatúra pôvodná (slovenská)  |2 lita 
958 |a OND 
958 |a EUIPO 
958 |a article13 
999 |c 2010749  |d 2012679